000 01433cab a22002055a 4500
001 L155719
008 120410s2012 xxk 000 0 eng d
035 _a(Sirsi) u155719
041 0 _aeng
110 2 _aCushman & Wakefield
_95888
245 0 0 _aMarketbeat shopping centre development report United Kingdom
_bMarch 2012
_h[electronic resource]
260 _aLondon
_bCushman & Wakefield
_c2012
490 0 _aCushman & Wakefield Marketbeat Shopping Centre Development Report United Kingdom
_vMarch 2012
520 _a225,000 sq m of new space added to the UK market in the second half of 2011. Two new shopping centres were opened: Westfield Stratford City (176 500 sq m) and The Parkway in Newbury (27 400 sq m), with extensions making up the remainder of the total. Extensions completed in the second half include the Oasis Dining Quarter at Meadowhall, the Spiceal Street restaurant quarter at the Bullring and the Glow events and dining venue at Bluewater. Overview -- Market size -- Leading developers -- Tenure and lease structures -- Planning issues -- Investment market -- Outlook -- Shopping centre definition.
590 _aKA
651 4 _aUnited Kingdom
690 _aCommercial property
_96227
856 4 0 _uhttps://www.cushwake.com/cwglobal/jsp/kcLocalReportLanding.jsp?Country=GLOBAL&Language=EN&catId=100004
_z View the report (after free registration with the Knowledge Center) at www.cushwake.com
942 _n0
999 _c83909
_d83909